=LDR 00000nam 2200000 4500 =001 INLIS000000000034658 =005 20250311011129 =035 ##$$a 0010-061300000034658 =008 250311################d##########0#ind## =041 ##$$a ind =082 ##$$a 028.5 =090 ##$$a 028.5, Kan t =100 ##$$a Kanu, Boy Hendra =245 1#$$a Toni si wartawan cilik/Boy hendra Kanu =260 ##$$a Bandung :$b Angkasa,$c 2007 =300 ##$$a vii,85 hlm., : $b illus ; $c 21 x 14 cm. =650 #4$$a Bacaan Kanak-kanak =850 ##$$a NBPNMAT =020 ##$$a 978-979-665-483-3 =084 ##$$a 028.5 KAN t =990 ##$$a 21400613/BPAP-NTB/20142014 =990 ##$$a 21009038 =990 ##$$a 05800580 =990 ##$$a 21009036 =990 ##$$a 21400613/BPAP-NTB/20142014 =990 ##$$a 21009038